00357nam a2200121 a 45000010005000000030005000050050017000100080041000270400020000681100056000882450063001442600028002073756CDMR20130116135248.0130130s2004||||||||||||||||||||||||||||d aCDMRbcatcCDMR2 aAssociació UNESCO per al Diàleg Interreligiós10aVocabulari de les religions per a mitjans de comunicació aBarcelonac2004bUNESCO